Wirtschaft und Gemeinschaft. - Bielefeld : transcript. - 2014 [Rezension]
| Titel: | Wirtschaft und Gemeinschaft. - Bielefeld : transcript. - 2014 [Rezension] |
|---|---|
| Verfasser: | |
| In: |
Neue politische Literatur, Band 59, Heft 3 (2014), Seite 478-479 alle Artikel anzeigen |
| Veröffentlicht: | 2014 |
| Format: | Aufsatz |
| Sprache: | Deutsch |
X
alg: 39515429 001A $01999:12-11-16 001B $01999:01-06-17 $t18:24:12.000 001D $01999:12-11-16 001U $0utf8 001X $00 002@ $0Aox 003@ $0395154294 007A $0395154294 $aHEB 007T $0Herdc0111836m 010@ $ager 011@ $a2014 021A $aWirtschaft und Gemeinschaft. - Bielefeld : transcript. - 2014 [Rezension] 028A $aSperber $dJonathan 031A $d59 $e3 $h478-479 $j2014 039B $aIn $8--Abvc--. Neue politische Literatur. - Wiesbaden : Springer VS, 1956-. - ISSN 0028-3320 $x201400000590003522 $9046846980 039T $8--Aau--. Wirtschaft und Gemeinschaft. - Bielefeld : transcript, 2014. - 338 S.. - ISBN 3-8376-2406-4 $9322310490 045T $a3,6 lok: 39515429 78 exp: 39515429 78 1 #EPN 201B/01 $018-11-16 $t13:54:47.000 201U/01 $0utf8 203@/01 $0791455491 208@/01 $a12-11-16 $be 209A/01 $a/ $f000 $x00 220C/01 $aTitelaufnehmer: pg 220C/01 $aHerkunft: HI Marburg 244Z/01 $2Trx $#arvustused $#recenzijos $#Reviews $#recenziók $#recenzje $#recenzie $#recenze $8--Trx--Rezensionen $x01 $9391357441 247C/01 $82080>Marburg/Lahn, Herder-Institut, Forschungsbibliothek, Bibliographieportal $9336309341
| LEADER | 00000caa a22000002c 4500 | ||
|---|---|---|---|
| 001 | 395154294 | ||
| 003 | DE-603 | ||
| 005 | 20170601182412.0 | ||
| 007 | tu | ||
| 008 | 161112s2014 xx |||| | u00||u|ger c | ||
| 035 | |a (DE-599)HEB395154294 | ||
| 040 | |a DE-603 |b ger |c DE-603 |d DE-603 | ||
| 041 | |a ger | ||
| 084 | |a 3,6 |2 ssgn | ||
| 100 | 1 | |a Sperber, Jonathan | |
| 245 | 0 | 0 | |a Wirtschaft und Gemeinschaft. - Bielefeld : transcript. - 2014 [Rezension] |
| 264 | 0 | |c 2014 | |
| 773 | 0 | 8 | |i In |t Neue politische Literatur |d Wiesbaden : Springer VS, 1956- |x 0028-3320 |g Band 59, Heft 3 (2014), Seite 478-479 |w (DE-603)046846980 |w (DE-600)3402-2 |
| 787 | 0 | 8 | |i Rezension von |t Wirtschaft und Gemeinschaft |d Bielefeld : transcript, 2014 |h 338 S., 225 mm x 148 mm, 618 g |z 3837624064 |z 9783837624069 |z 9783839424063 |w (DE-603)322310490 |
| 924 | 0 | |9 2080 |a (DE-603)791455491 |b DE-2080 |c HES |d d |g / | |


